00457 a2200157 4500010001400000020002300014035001300037037001500050082000800065100002300073245005500096260003600151270005800187300002000245490003400265 aENG-86437 a8181575067c150.00 aEN-69970 bDBAD / PUB14a8811 aWilliams, Mukesh K1 aNakasendo and other poems /cby Mukesh K. Williams aKolkatabWriters Workshopc2006 a162/42, Lake Gardens,bCalcuttacWest Bengale700 045 a91p.c22cm (Hb) aWriters workshop redbird book